Statistics for Science Final - 2022

Click here to take the quiz!

General Stats

  • This quiz has been taken 10 times
  • The average score is 9 of 20

Answer Stats

HintAnswer% Correct
Organism that needs oxygenAerobic
67%
What bacteria grows onAgar
67%
A large region characterized by a specific type of climate and certain types of flora and fauna communitiesBiome
67%
Bacteria with a spherical shape; usually found in clustersCocci
67%
Capable of motionMotile
67%
A rod-shaped bacteriumBacillus
50%
Organisms whose cells have a nucleus enclosed within a nuclear envelopeEukaryote
50%
An increase in the amount of nutrients in waterEutrophication
50%
If/then statement prediction the outcome of the labHypothesis
50%
Equation for photosynthesis6CO2+6H2O - C6H12O6+6O2
33%
General ending statement about the lab; Was it successful? Did we accomplish our purpose? What was the source of error?Conclusion
33%
What happens as a result of performing the labData and Observation
33%
What is used to perform the lab; listedMaterials
33%
A single-celled organism that lacks a nucleusProkaryote
33%
Why you are performing the lab and what you hope to learnPurpose
33%
A bacterium with a spiral structure; found in stagnant waterSpirillum
33%
Any heating of natural water that results from human activityThermal Pollution
33%
Name of the labTitle
33%
Instructions on how to perform the labProcedure
17%
Organization of Organisms
Cell - Tissue - Organ - Organ System
0%

Score Distribution

Percentile by Number Answered

Percent of People with Each Score

Your Score History

You have not taken this quiz